Movies Quiz

Random Movies Quiz

Ultimate Pulp Fiction Quiz Stats

 Plays Quiz not verified by Sporcle

Support Sporcle.
Go Orange.
Score 0/15 Timer 05:00
0 Plays Today
Question Answer % Correct
What do they call a Quarter Pounder with cheese in Amsterdam?Royale with cheese
90.8%
Who doesn't dig swine?Jules
83%
What is the name of the pilot Mia Wallace was in?Fox Force Five
78.1%
How does Mia like her burger cooked?bloody
77.7%
Who did Vincent shoot in the face?Marvin
73.1%
Who's dead baby? Who's dead?Zed
71.5%
What does Marsellus Wallace have on the back of his neck?band aid
70.9%
Restaurant where Vincent and Mia went on their 'date'Jack Rabbit Slims
66.5%
Question Answer % Correct
Who is Honey Bunny's boyfriend? (according to Jules)?Ringo
65.8%
What is The Wolfs first name?Winston
61.9%
Where does Jules live?Inglewood
58.6%
Cigarettes Butch bought after meeting with Marsellus WallaceRed Apple
58.5%
What actor portrayed Buddy Holly?Steve Buscemi
55%
What is Vincent's heroin dealers name?Lance
52.8%
Where does Vincent live?Redondo Beach
15.7%

You're not logged in!

Compare scores with friends on all Sporcle quizzes.
OR
Log In

From the Vault

MLB Games Leaders Not in HOF

by Viktrodriguez

Is it harder to sit back on a curveball or sit back and wait for the BBWAA to vote?
Remove Ads.
Support Sporcle.
Get the best of Sporcle when you Go Orange. This ad-free experience offers more features, more stats, and more fun while also helping to support Sporcle. Thank you for becoming a member.

Show Comments

Extras

Created Oct 7, 2009ReportNominate
Tags:fiction, pulp, Pulp Fiction, ultimate

Top Quizzes Today


Score Distribution

Your Account Isn't Verified!

In order to create a playlist on Sporcle, you need to verify the email address you used during registration. Go to your Sporcle Settings to finish the process.

Report this User

Report this user for behavior that violates our Community Guidelines.

Details: